000 00334nam a2200145Ia 4500
008 230917s9999||||xx |||||||||||||| ||und||
040 _e48175
_aMAIN
041 _aEnglish
082 _a843.8 G361I
100 _aGide, Andre
245 0 _aImmoralist
260 _aMiddlesex
_bPenguin Books
_c1977
300 _a158 p.
942 _cBK
999 _c161078
_d161078